Quiz o Saturnie - Statystyki

Ogólne statystyki
  • Ten quiz został rozwiązany 237 razy
  • Średni wynik to 10 z 17
Statystyki odpowiedzi
Pytanie Odpowiedź % Poprawnych
Najobficiej występujący pierwiastek w atmosferze Saturna Wodór
89%
W 1610 roku jako pierwszy zaobserwował pierścienie Saturna Galileusz
73%
Podobnie jak Europa, księżyc Jowisza, powierzchnia księżyca Saturna Enceladus pokryta jest ___ Lodem
68%
Przy ciężarze właściwym 0,69 Saturn ma najniższą _____ ze wszystkich planet Gęstość
67%
Największy księżyc Saturna Tytan
67%
Co mitologiczny tytan Saturn zrobił swoim dzieciom Zjadł
65%
Powyższy jest jedynym księżycem w Układzie Słonecznym, który ma ________ Atmosferę
63%
Najpopularniejszy pseudonim Saturna Planeta z {pierścieniem}
62%
Uważa się, że ten twardy i cenny minerał spada na Saturna w postaci deszczu Diamenty
60%
Księżyc Saturna Mimas przypomina tę fikcyjną stację kosmiczną i galaktyczną superbroń "Z Gwiezdnych Wojen" Gwiazda Śmierci
59%
Statek kosmiczny, który przeleciał obok Saturna w 1980 roku w drodze z Układu Słonecznego Voyager 1
58%
Grecka wersja rzymskiego tytana o imieniu Saturn Kronos
55%
Saturn uzyskuje żółtawy odcień dzięki kryształom tego związku o wzorze NH3 Amoniak
53%
Współczesne święto obchodzone mniej więcej w tym samym czasie co Saturnalia, starożytne rzymskie święto Boże Narodzenie
45%
Drugi co do wielkości księżyc Saturna, nazwany na cześć żony powyższego Rea
40%
Kształt wzoru chmur położonych wokół północnego bieguna Saturna Sześciokąt
33%
Pierwsza sonda kosmiczna, która weszła na orbitę Saturna, nazwana na cześć francuskiego astronoma, który odkrył cztery księżyce Saturna Cassini
30%
Nie znaleziono quizów pasujących do podanych kryteriów
Rozkład punktacji
Procent ludzi z każdym wynikiem
Percentyl według liczby udzielonych odpowiedzi
Twoja historia wyników
Nie rozwiązałeś tego quizu